000 00464nam a2200181Ia 4500
008 131103s9999 xx 000 0 und d
020 _a0 7126 1011 1
040 _aLoreto College
041 _aEnglish
082 _aF/AUS
_bLCBED/11018
100 _aAusten, Jane
245 _aPride and prejudice
_cJane Austen
260 _aLondon
_bCentury Hutchinson
_c1985
300 _a350p
_c 21cm.
650 _aEnglish fiction
850 _aLCBED/F/AUS
942 _cBK
999 _c32451
_d82930